000 00751nam a22001577a 4500
003 OSt
005 20150919095700.0
008 150919b xxu||||| |||| 00| 0 eng d
040 _cRUA
082 _aAGR VAT 2006 BO33 Or.1
100 _9826
_aVATH, VON
245 _aEffect of different mulches on chilli pepper yield at crop station in royal university of agriculture (ឥទ្ធិពលនៃគំរបដីផ្សេងៗគ្នាទៅលើទិន្ធផលដំណាំម្ទេសដឺនាង នៅស្ថានីយ៍ដំណាំនៃសាកលវិទ្យាល័យភូមិន្ធកសិកម្ម).
260 _aphom phen
_bRUA
_c2006
300 _aXIII, 46p.
_bill.
_c29cm.
942 _2ddc
_cAGR
999 _c798
_d798